000 00740nam a22002177a 4500
999 _c63728
_d63728
005 20240530110656.0
008 171219s2015 ua a a 000 j ara d
017 _a2014/16058
_bمصر. دار الكتب
020 _a9789771451433
040 _aEG-CaGPL
_cEG-CaGPL
082 0 4 _221
_a813.083
_bط/ع م
100 0 _aعبير محمد انور
245 1 0 _aمملكة الكلام /
_bتأليف عبير محمد انور ؛ رسوم منى سنبل .
250 _aط.1
260 _aالقاهرة :
_bدار نهضة مصر للنشر ،
_c2015 .
300 _a138 ص. ؛
_c22 سم.
650 0 7 _2qrmak
_aالقصص العربية
651 _2qrmak
942 _2ddc
_cBK